Konkurence plurálových variant typu sázejí a sází ve spisovné češtině /

Hlavní autor: Sojka, Pavel, 1977-
Jazyk: Čeština
Vydáno: Praha : Univerzita Karlova, Pedagogická fakulta, 2020
Témata:
Fyzický popis: 197 stran ; 21 cm
Language note: Anglické resumé
Knihy
Uloženo v:
LEADER 02223nam a2200625 i 4500
001 nkc20203180470
003 CZ PrNK
005 20200615112137.0
007 ta
008 200312s2020 xr f 001 0 cze
015 |a cnb003180470 
020 |a 978-80-7603-144-9  |q (brožováno) 
035 |a (OCoLC)1200246690 
040 |a OLA001  |b cze  |e rda 
041 0 |a cze  |b eng 
072 7 |a 811.162.3  |x Čeština  |2 Konspekt  |9 11 
080 |a 811.162.3'271.12  |2 MRF 
080 |a 81'366  |2 MRF 
080 |a 81'367.625  |2 MRF 
080 |a 81'366.56  |2 MRF 
080 |a 81'366.53  |2 MRF 
080 |a 81'36-112  |2 MRF 
080 |a 81'24  |2 MRF 
080 |a (048.8)  |2 MRF 
100 1 |a Sojka, Pavel,  |d 1977-  |7 xx0129365  |4 aut 
245 1 0 |a Konkurence plurálových variant typu sázejí a sází ve spisovné češtině /  |c Pavel Sojka 
264 1 |a Praha :  |b Univerzita Karlova, Pedagogická fakulta,  |c 2020 
300 |a 197 stran ;  |c 21 cm 
336 |a text  |b txt  |2 rdacontent 
337 |a bez média  |b n  |2 rdamedia 
338 |a svazek  |b nc  |2 rdacarrier 
504 |a Obsahuje bibliografii, bibliografické odkazy a rejstříky 
546 |a Anglické resumé 
650 0 7 |a spisovná čeština  |7 ph125913  |2 czenas 
650 0 7 |a morfologie (lingvistika)  |7 ph139266  |2 czenas 
650 0 7 |a slovesa  |7 ph164930  |2 czenas 
650 0 7 |a mluvnická osoba  |7 ph270269  |2 czenas 
650 0 7 |a mluvnické číslo  |7 ph123479  |2 czenas 
650 0 7 |a historická mluvnice  |7 ph123471  |2 czenas 
650 0 7 |a jazyková výuka  |7 ph162894  |2 czenas 
650 0 9 |a literary Czech  |2 eczenas 
650 0 9 |a morphology (linguistics)  |2 eczenas 
650 0 9 |a verbs  |2 eczenas 
650 0 9 |a grammar person  |2 eczenas 
650 0 9 |a number (grammar)  |2 eczenas 
650 0 9 |a historical grammar  |2 eczenas 
650 0 9 |a language teaching and learning  |2 eczenas 
655 7 |a monografie  |7 fd132842  |2 czenas 
655 9 |a monographs  |2 eczenas 
910 2 |a BOA001  |b 2-1445.894 
990 |a BK 
995 |a 01 
991 |b 202005  |c NOV 
996 6 |b 2610819546  |c 2-1445.894  |l MZK  |r Sklad / do 1 hodiny  |n 0  |p p.v.  |w 001794321  |u 000010  |a 1  |e BOA001  |j MZK50  |s P 
996 7 |b 2610825071  |c 2-1445.894  |l Vol.výběr  |r VV 1p  |n 0  |p kup  |h 811.162.3 SOJ  |w 001794321  |u 000020  |a 0  |e BOA001  |j MZK50  |s A